000 00228 a2200097 4500
001 29898
100 _aHodkinson
245 _aIntroduction to electronics and telecommunication
260 _a
_bCassell
_c
090 _c19896
_d19896
942 _aNUST-CAE
_cM
_c10997
999 _c264971
_d264971